Movies Quiz

Random Movies Quiz

15 puppies names from 101 Dalmatians Quiz Stats

 Plays Quiz not verified by Sporcle

Score 0/15 Timer 10:00
0 Plays Today
Hint Answer % Correct
1.Lucky
85.2%
3.Patch
83.3%
4.Rolly
81.5%
9.Dipstick
66.7%
6.Freckles
64.8%
2.Penny
63%
8.Wizzer
55.6%
12.Jewel
55.6%
Hint Answer % Correct
10.Two Tone
50%
11.Fidget
50%
13.Spotty
46.3%
5.Cadpig
44.4%
7.Pepper
44.4%
14.Rover
24.1%
15.Salter
22.2%

You're not logged in!

Compare scores with friends on all Sporcle quizzes.
OR
Log In

Sporcle TV

Today on Sporcle TV


Watch our educational content, quiz creation guides, and fun videos on Sporcle TV.

Show Comments

Extras

Created Aug 28, 2017ReportNominate
Tags:101, puppy

Top Quizzes Today


Score Distribution

Your Account Isn't Verified!

In order to create a playlist on Sporcle, you need to verify the email address you used during registration. Go to your Sporcle Settings to finish the process.

Report this User

Report this user for behavior that violates our Community Guidelines.

Details: